Farmacología para enfermeras / (Record no. 35761)
[ view plain ]
| 000 -CABECERA | |
|---|---|
| campo de control de longitud fija | 00554nam a2200169 a 4500 |
| 001 - NÚMERO DE CONTROL | |
| campo de control | 000036270 |
| 005 - FECHA Y HORA DE LA ÚLTIMA TRANSACCIÓN | |
| campo de control | 20200930075635.0 |
| 008 - DATOS DE LONGITUD FIJA--INFORMACIÓN GENERAL | |
| campo de control de longitud fija | 120112s1988 sp 000 0 spa d |
| 020 ## - NÚMERO INTERNACIONAL ESTÁNDAR DEL LIBRO | |
| Número Internacional Estándar del Libro | 8476054347 |
| 040 ## - FUENTE DE LA CATALOGACIÓN | |
| Centro catalogador/agencia de origen | DO-SdBNP |
| Lengua de catalogación | spa |
| Centro/agencia transcriptor | BNPHU |
| 082 ## - NÚMERO DE LA CLASIFICACIÓN DECIMAL DEWEY | |
| Número de clasificación | xxx |
| Número de documento/Ítem | M912f |
| 100 1# - ENTRADA PRINCIPAL--NOMBRE DE PERSONA | |
| Nombre de persona | Mosquera González, José Manuel |
| 9 (RLIN) | 62383 |
| 245 10 - MENCIÓN DE TÍTULO | |
| Título | Farmacología para enfermeras / |
| Mención de responsabilidad, etc. | José Mosquera González, Pedro Galdos Anuncibay. |
| 260 ## - PUBLICACIÓN, DISTRIBUCIÓN, ETC. | |
| Lugar de publicación, distribución, etc. | Madrid : |
| Nombre del editor, distribuidor, etc. | Interamericana |
| -- | McGraw-Hill, |
| Fecha de publicación, distribución, etc. | 1988. |
| 300 ## - DESCRIPCIÓN FÍSICA | |
| Extensión | 335 p. : |
| Otras características físicas | il. ; |
| Dimensiones | 24 cm. |
| 700 1# - PUNTO DE ACCESO ADICIONAL--NOMBRE DE PERSONA | |
| Nombre de persona | Galdos Anuncibay, Pedro |
| 9 (RLIN) | 62384 |
| Estado de retiro | Estado de pérdida | Restricciones de uso | No para préstamo | Código de colección | Localización permanente | Ubicación/localización actual | Ubicación en estantería | Fecha de adquisición | Número de inventario | Total de préstamos | Signatura topográfica completa | Código de barras | Fecha visto por última vez | Precio válido a partir de | Tipo de ítem Koha |
|---|---|---|---|---|---|---|---|---|---|---|---|---|---|---|---|
| Excluido de préstamo | Monografías: Libros y Folletos | General | General | En catalogación | 12.01.2012 | LF1 | xxx M912f | 36270-10 | 25.06.2020 | 25.06.2020 | No se presta |
